|
|
|
|
| LEADER |
00000nab a2200000uu 4500 |
| 001 |
vtls010885555 |
| 003 |
SK-MaSNL |
| 005 |
20260303144728.0 |
| 008 |
230222|1965 xo |||||||||||||||||slo| |
| 015 |
|
|
|a SNBRB
|
| 035 |
|
|
|a (urnnbn)urn:nbn:sk:snk:ar-002cre
|
| 035 |
|
|
|a (uuid)a22908e0-70a2-476b-89b8-312b20621dbb
|
| 035 |
|
|
|a urn:nbn:sk:snk-ab8gl7
|
| 040 |
|
|
|a SNKBUCL
|b slo
|c SNKBUCL
|e AACR2
|
| 041 |
0 |
|
|a slo
|
| 044 |
|
|
|a xo
|c SK
|
| 100 |
1 |
|
|a Zavarský, Ernest,
|d 1913-1995
|4 aut
|9 117873
|
| 245 |
1 |
0 |
|a ALBERT SCHWEITZER
|c Ernest Zavarský
|
| 773 |
0 |
|
|t Slovenská hudba : revue pre hudobnú kultúru
|g Roč. 9, č. 8 (1965), s. 399-400
|
| 954 |
|
|
|a odborná, vedecká literatúra pôvodná (slovenská)
|2 lita
|
| 958 |
|
|
|a OND
|
| 958 |
|
|
|a EUIPO
|
| 958 |
|
|
|a article10
|
| 999 |
|
|
|c 1998561
|d 2000491
|